[Event "Online Olym Top DivC 2020"]
[Site "chess.com INT"]
[Date "2020.08.21"]
[Round "3.5"]
[Board "6"]
[White "Radeva, Viktoria"]
[Black "Bucur, Denisa-Andreea"]
[Result "1-0"]
[WhiteTitle "WIM"]
[WhiteElo "2302"]
[BlackElo "2063"]
[WhiteTeam "Bulgaria"]
[BlackTeam "Romania"]
[WhiteFideId "2915405"]
[BlackFideId "1238019"]
[EventDate "2020.08.21"]
[EventType "team"]

1. e4 c5 2. Nf3 e6 3. d4 cxd4 4. Nxd4 a6 5. Be2 Nf6 6. Nc3 Qc7 7. O-O d6 8. f4
Be7 9. Qe1 b5 10. a3 Bb7 11. Bf3 Nbd7 12. Qg3 O-O 13. Kh1 Rac8 14. Bd2 Nb6 15.
e5 Nfd5 16. f5 dxe5 17. Bh6 Bf6 18. Ne4 Kh8 19. Nxf6 gxf6 20. Qg7# 1-0

[Event "Online Olym Top DivC 2020"]
[Site "chess.com INT"]
[Date "2020.08.22"]
[Round "4.1"]
[Board "1"]
[White "Amin, Bassem"]
[Black "Delchev, Aleksander"]
[Result "1-0"]
[WhiteTitle "GM"]
[BlackTitle "GM"]
[WhiteElo "2686"]
[BlackElo "2550"]
[WhiteTeam "Egypt"]
[BlackTeam "Bulgaria"]
[WhiteFideId "10601457"]
[BlackFideId "2900394"]
[EventDate "2020.08.21"]
[EventType "team"]

1. e4 c5 2. Nf3 d6 3. g3 Nc6 4. Bg2 g6 5. O-O Bg7 6. c3 e5 7. d3 Nge7 8. a3 O-O
9. b4 a6 10. Nbd2 h6 11. Rb1 b6 12. Nc4 b5 13. Ne3 Be6 14. Bb2 cxb4 15. cxb4 d5
16. exd5 Nxd5 17. Re1 Re8 18. Rc1 Rc8 19. Rc5 Nb6 20. Nxe5 Nxe5 21. Bxe5 Bxe5
22. Rxe5 Nd7 23. Re4 Nf6 24. Rh4 h5 25. Qa1 Ng4 26. h3 Nxe3 27. Rxe3 Qc7 28. Qf6
Qd8 29. Qb2 Qc7 30. Rf4 Qc1+ 31. Qxc1 Rxc1+ 32. Kh2 Rd8 33. h4 Rd1 34. Bb7 Rd6
35. d4 R1xd4 36. Rxd4 Rxd4 37. Bxa6 Bc4 38. Re5 Rd3 39. a4 Rb3 40. Bxb5 Rxb4 41.
Re4 Rxb5 42. axb5 Bxb5 43. Rb4 Bd7 44. Kg2 Kg7 45. Kf3 Kf6 46. Kf4 Be6 47. Rb6
Kg7 48. Ke5 Ba2 49. f4 Bc4 50. f5 gxf5 51. Kxf5 Bd3+ 52. Kg5 Bg6 53. Rd6 1-0

[Event "Online Olym Top DivC 2020"]
[Site "chess.com INT"]
[Date "2020.08.22"]
[Round "4.1"]
[Board "2"]
[White "Petkov, Momchil"]
[Black "Adly, Ahmed"]
[Result "0-1"]
[WhiteTitle "FM"]
[BlackTitle "GM"]
[WhiteElo "2315"]
[BlackElo "2615"]
[WhiteTeam "Bulgaria"]
[BlackTeam "Egypt"]
[WhiteFideId "2921642"]
[BlackFideId "10601619"]
[EventDate "2020.08.21"]
[EventType "team"]

1. e4 c6 2. d4 d5 3. e5 Bf5 4. h4 h5 5. c4 e6 6. Nc3 Nd7 7. cxd5 cxd5 8. Bd3
Bxd3 9. Qxd3 Nh6 10. Nf3 Nf5 11. Bg5 Qa5 12. O-O Bb4 13. Ne2 Qa6 14. Qb3 Ba5 15.
Ng3 Nxg3 16. fxg3 O-O 17. Be7 Rfe8 18. Ba3 Bd8 19. Qe3 f5 20. Rac1 Nb6 21. Nd2
Nc4 22. Nxc4 dxc4 23. Qe2 Bb6 24. Rfd1 Red8 25. Qxc4 Qxc4 26. Rxc4 Rac8 27. Rxc8
Rxc8 28. Kh2 Kf7 29. Bc5 Bd8 30. Bb4 a5 31. Bc3 b5 32. d5 b4 33. dxe6+ Ke8 34.
Bd4 Ke7 35. Be3 Kxe6 36. Bf4 Be7 37. Rd2 a4 38. Re2 Rc4 39. Rd2 Re4 40. Rc2 Kd7
41. Rd2+ Kc6 42. Rc2+ Bc5 43. b3 a3 44. Bd2 Kd5 45. Bf4 Re1 46. Rc1 Re2 47. Rd1+
Ke6 48. Rc1 Kd5 49. Rd1+ Bd4 50. Bd2 Kxe5 51. Bxb4 Rxa2 52. Bf8 Ke4 53. Re1+ Kd3
54. Rd1+ Ke3 55. Re1+ Kd2 56. Rf1 g6 57. Bb4+ Kc2 58. Bd6 Kxb3 59. Rf3+ Bc3 60.
Re3 Rc2 61. Bxa3 Kxa3 62. Re6 Bd4 63. Rxg6 Rc1 64. Re6 Kb4 65. g4 fxg4 66. Kg3
Rf1 67. Re8 Kc4 68. Kh2 Bg1+ 69. Kg3 Bc5 70. Kh2 Bd6+ 71. g3 Kd5 72. Rh8 Rf2+
73. Kg1 Rf5 74. Kg2 Be5 75. Rd8+ Ke4 76. Ra8 Rf3 77. Ra4+ Kf5 78. Ra8 Rxg3+ 79.
Kf1 Rf3+ 80. Kg2 Rg3+ 81. Kf1 Rh3 82. Rf8+ Ke4 83. Kg2 Rxh4 84. Kg1 Rh3 85. Ra8
Rd3 86. Rh8 Bxh8 0-1

[Event "Online Olym Top DivC 2020"]
[Site "chess.com INT"]
[Date "2020.08.22"]
[Round "4.1"]
[Board "3"]
[White "Wafa, Shrook"]
[Black "Stefanova, Antoaneta"]
[Result "0-1"]
[WhiteTitle "WGM"]
[BlackTitle "GM"]
[WhiteElo "2182"]
[BlackElo "2462"]
[WhiteTeam "Egypt"]
[BlackTeam "Bulgaria"]
[WhiteFideId "10609970"]
[BlackFideId "2902257"]
[EventDate "2020.08.21"]
[EventType "team"]

1. e4 c6 2. d4 d5 3. exd5 cxd5 4. c4 Nf6 5. Nc3 Nc6 6. Nf3 Bf5 7. Be3 e6 8. c5
Be7 9. Bb5 O-O 10. O-O Ne4 11. Nxe4 dxe4 12. Bxc6 bxc6 13. Ne5 Qd5 14. Qa4 Rfc8
15. Rfd1 f6 16. Nc4 Bg4 17. Rd2 g5 18. h3 Bh5 19. Na5 f5 20. Rc2 Bf6 21. g3 f4
22. gxf4 gxf4 23. Bxf4 Qf5 24. Qc4 Qxf4 25. Qxe6+ Kh8 26. Nxc6 Rg8+ 27. Kf1 Rae8
28. Qd6 Qf3 29. Ke1 e3 0-1

[Event "Online Olym Top DivC 2020"]
[Site "chess.com INT"]
[Date "2020.08.22"]
[Round "4.1"]
[Board "4"]
[White "Antova, Gabriela"]
[Black "Wafa, Shahenda"]
[Result "1-0"]
[WhiteTitle "FM"]
[BlackTitle "WGM"]
[WhiteElo "2238"]
[BlackElo "2140"]
[WhiteTeam "Bulgaria"]
[BlackTeam "Egypt"]
[WhiteFideId "2915235"]
[BlackFideId "10609962"]
[EventDate "2020.08.21"]
[EventType "team"]

1. d4 f5 2. c4 Nf6 3. g3 g6 4. Bg2 Bg7 5. Nh3 d6 6. d5 c6 7. Nc3 e5 8. dxe6 Bxe6
9. Qb3 Qc7 10. O-O Na6 11. Bf4 Nc5 12. Qa3 Nh5 13. Be3 Na6 14. Rfd1 Rd8 15. Qa4
O-O 16. Rac1 h6 17. Bd4 Nc5 18. Qb4 a5 19. Qa3 Bxc4 20. Bxc5 dxc5 21. Qxc5 Bf7
22. Rxd8 Rxd8 23. Nf4 Nxf4 24. gxf4 Qxf4 25. e3 Qg4 26. h3 Qg5 27. Qxa5 Rd2 28.
Ne4 fxe4 29. Qxd2 Be6 30. Kh1 Be5 31. Qe2 Qh4 32. Qf1 g5 33. Rc5 Bd6 34. Ra5 g4
35. Ra4 gxh3 36. Bxe4 b5 37. Bh7+ Kxh7 38. Rxh4 Bd5+ 39. e4 1-0

[Event "Online Olym Top DivC 2020"]
[Site "chess.com INT"]
[Date "2020.08.22"]
[Round "4.1"]
[Board "5"]
[White "Fawzy, Adham"]
[Black "Petrov, Martin"]
[Result "1-0"]
[WhiteTitle "GM"]
[BlackTitle "IM"]
[WhiteElo "2467"]
[BlackElo "2525"]
[WhiteTeam "Egypt"]
[BlackTeam "Bulgaria"]
[WhiteFideId "10613129"]
[BlackFideId "2911086"]
[EventDate "2020.08.21"]
[EventType "team"]

1. e4 c5 2. Nf3 d6 3. d4 cxd4 4. Nxd4 Nf6 5. Nc3 a6 6. Bg5 e6 7. f4 h6 8. Bh4
Qb6 9. a3 Nbd7 10. Bf2 Qc7 11. g3 Be7 12. Bg2 Rb8 13. Qe2 b5 14. e5 dxe5 15. Nc6
Bb7 16. Nxb8 Bxg2 17. Nxa6 Qc8 18. Rg1 Bb7 19. Nb4 exf4 20. gxf4 O-O 21. Bd4 Qb8
22. Qe3 Qa8 23. O-O-O Kh7 24. Nd3 g6 25. Ne5 Nxe5 26. Bxe5 b4 27. axb4 Qa1+ 28.
Nb1 Nd5 29. Qa3 Ra8 30. Qxa1 Rxa1 31. b3 Ra8 32. c4 Nxb4 33. Rd7 Be4 34. Rxe7
Ra2 35. Rxf7+ Kg8 36. Rg7+ Kf8 37. Bd6+ Kxg7 38. Bxb4 Rc2+ 39. Kd1 Rxh2 40. Bc3+
Kf7 41. Nd2 Ba8 42. Kc2 h5 43. Ra1 Be4+ 44. Kb2 h4 45. Ra7+ Ke8 46. Rh7 h3 47.
b4 Bf5 48. b5 g5 49. b6 Bxh7 50. b7 1-0

[Event "Online Olym Top DivC 2020"]
[Site "chess.com INT"]
[Date "2020.08.22"]
[Round "4.1"]
[Board "6"]
[White "Krasteva, Beloslava"]
[Black "Allam, Yara"]
[Result "1-0"]
[WhiteTitle "FM"]
[BlackTitle "WCM"]
[WhiteElo "2296"]
[BlackElo "1752"]
[WhiteTeam "Bulgaria"]
[BlackTeam "Egypt"]
[WhiteFideId "2922029"]
[BlackFideId "10615709"]
[EventDate "2020.08.21"]
[EventType "team"]

1. d4 c6 2. c4 d5 3. Nc3 Nf6 4. e3 g6 5. Nf3 Bg7 6. Bd3 O-O 7. O-O Bg4 8. h3
Bxf3 9. Qxf3 e6 10. Rd1 Nbd7 11. e4 Nxe4 12. Nxe4 dxe4 13. Bxe4 f5 14. Bc2 Nb6
15. Qe2 Qe7 16. Bf4 Rad8 17. c5 Nc8 18. Bb3 Rfe8 19. Qe3 b6 20. cxb6 Nxb6 21.
Rac1 Qd7 22. Bg5 Rc8 23. Re1 Nd5 24. Qd2 Nb6 25. Red1 Nd5 26. Rc2 Nf6 27. Qe2
Ne4 28. Be3 Rcd8 29. Ba4 Rc8 30. Qa6 Red8 31. Rxc6 Rxc6 32. Qxc6 Qxc6 33. Bxc6
Nf6 34. Ba4 Nd5 35. Bg5 Rb8 36. Bb3 Rb4 37. Re1 Rxd4 38. Rxe6 a5 39. Rd6 h6 40.
Rxd5 Rxd5 41. Bxd5+ Kf8 42. Bc1 Ke7 43. b3 Kd6 44. Bf7 g5 45. Bd2 a4 46. bxa4
Kc5 47. a5 Kb5 48. Bg6 f4 49. Bd3+ Kc6 50. a6 Bd4 51. Bb4 Ba7 52. Kf1 Kd5 53. f3
Kd4 54. Be4 Ke5 55. Bf8 h5 56. Bg6 Kf6 57. Bxh5 Bb6 58. Bd6 Ke6 59. Bb8 1-0

[Event "Online Olym Top DivC 2020"]
[Site "chess.com INT"]
[Date "2020.08.22"]
[Round "4.2"]
[Board "1"]
[White "Solak, Dragan"]
[Black "Lupulescu, Constantin"]
[Result "1/2-1/2"]
[WhiteTitle "GM"]
[BlackTitle "GM"]
[WhiteElo "2594"]
[BlackElo "2656"]
[WhiteTeam "Turkey"]
[BlackTeam "Romania"]
[WhiteFideId "916811"]
[BlackFideId "1207822"]
[EventDate "2020.08.21"]
[EventType "team"]

1. e4 c5 2. Nf3 a6 3. g3 Nc6 4. Bg2 Nf6 5. d3 g6 6. O-O Bg7 7. Re1 d6 8. e5 dxe5
9. Nxe5 Nxe5 10. Rxe5 Nd7 11. Re1 O-O 12. a4 Nf6 13. Be3 Nd5 14. Bxc5 Bxb2 15.
Ra2 Bf6 16. d4 Bf5 17. Qf3 Nc7 18. Qxb7 Rb8 19. Qa7 Ne6 20. Qxa6 Nxd4 21. Na3
Be6 22. c4 Bg4 23. Bxd4 Qxd4 24. Qc6 Qc3 25. Qe4 Rfd8 26. Nb5 Qa5 27. Rc1 Bf5
28. Qe1 Qa6 29. h4 Bd7 30. Bf3 Rdc8 31. Qd1 Be8 32. Rcc2 Qa5 33. Kg2 Rc5 34. Qe2
Rbc8 35. Qd3 Kg7 36. Qe2 h5 37. Qd3 Kg8 38. Qe2 Kg7 39. Qd3 Kg8 40. Qe2 Kg7 1/2-1/2

[Event "Online Olym Top DivC 2020"]
[Site "chess.com INT"]
[Date "2020.08.22"]
[Round "4.2"]
[Board "2"]
[White "Parligras, Mircea-Emilian"]
[Black "Sanal, Vahap"]
[Result "1-0"]
[WhiteTitle "GM"]
[BlackTitle "GM"]
[WhiteElo "2591"]
[BlackElo "2581"]
[WhiteTeam "Romania"]
[BlackTeam "Turkey"]
[WhiteFideId "1204297"]
[BlackFideId "6300545"]
[EventDate "2020.08.21"]
[EventType "team"]

1. d4 d5 2. c4 e6 3. Nf3 a6 4. cxd5 exd5 5. Nc3 h6 6. Bf4 Nf6 7. e3 Bd6 8. Bxd6
Qxd6 9. Bd3 Be6 10. O-O Nbd7 11. Qc2 O-O 12. h3 Kh8 13. Rfe1 Rg8 14. e4 dxe4 15.
Nxe4 Nxe4 16. Bxe4 c6 17. Bf5 Rge8 18. Bxe6 Rxe6 19. Qb3 Rb8 20. Rxe6 Qxe6 21.
Qb4 Nf6 22. a3 Nd5 23. Qd2 Rd8 24. Re1 Qf5 25. Re5 Qf6 26. Qd3 Kg8 27. Qe4 Nc7
28. Re7 Rc8 29. Qe5 Qxe5 30. Nxe5 f6 31. Ng6 b5 32. Rd7 Nd5 33. Rxd5 Kf7 34.
Ne5+ fxe5 35. Rxe5 Rd8 36. Re4 a5 37. Kf1 Rd5 38. Ke2 Kf6 39. f4 g5 40. g4 gxf4
41. Rxf4+ Kg5 42. Ke3 a4 43. Ke4 Rxd4+ 44. Kxd4 Kxf4 45. Kc5 Kg3 46. Kxc6 Kxh3
47. Kxb5 Kxg4 48. Kxa4 h5 49. b4 Kf5 50. Ka5 Ke6 51. Ka6 h4 52. b5 h3 53. b6 h2
54. b7 h1=Q 55. b8=Q Qf1+ 56. Ka5 Kd7 57. a4 Qe1+ 58. Ka6 Qe6+ 59. Ka7 Qe3+ 60.
Ka8 Qa3 61. Qb7+ Kd8 62. Qd5+ Kc7 63. Qb7+ Kd8 64. Qb6+ Kc8 65. Qc6+ Kd8 66. Kb7
Qb4+ 67. Ka6 Qb2 68. a5 Qa3 69. Kb6 Qb4+ 70. Ka6 Qa3 71. Qb7 Qd3+ 72. Ka7 Qa3
73. a6 Qe3+ 74. Qb6+ 1-0

[Event "Online Olym Top DivC 2020"]
[Site "chess.com INT"]
[Date "2020.08.22"]
[Round "4.2"]
[Board "3"]
[White "Atalik, Ekaterina"]
[Black "Bulmaga, Irina"]
[Result "0-1"]
[WhiteTitle "IM"]
[BlackTitle "IM"]
[WhiteElo "2450"]
[BlackElo "2434"]
[WhiteTeam "Turkey"]
[BlackTeam "Romania"]
[WhiteFideId "4130189"]
[BlackFideId "13903063"]
[EventDate "2020.08.21"]
[EventType "team"]

1. Nf3 Nf6 2. e3 g6 3. d4 Bg7 4. Be2 d6 5. O-O O-O 6. c4 Nbd7 7. Nc3 e5 8. b3
Re8 9. Bb2 c6 10. Qc2 Qe7 11. Rfe1 e4 12. Nd2 Nf8 13. a4 a5 14. f3 exf3 15. Bxf3
Ne6 16. Nce4 Nxe4 17. Nxe4 f5 18. Nd2 Ng5 19. d5 c5 20. Bxg7 Qxg7 21. Rad1 Bd7
22. Nb1 Re7 23. Qc3 Qf8 24. Na3 b6 25. Nc2 Rae8 26. Rf1 Re5 27. g3 Qg7 28. Bg2
h5 29. Rf4 Nh7 30. Rdf1 Nf6 31. h3 h4 32. g4 g5 33. R4f2 Ne4 34. Bxe4 Rxe4 35.
Qxg7+ Kxg7 36. gxf5 Kf6 37. Rf3 R8e5 38. Kf2 g4 39. hxg4 Rxg4 40. Ne1 Rxf5 41.
Rh1 Kg5 42. Ng2 Rxf3+ 43. Kxf3 Bf5 44. Nf4 Rg3+ 45. Kf2 Kg4 46. Ke2 h3 47. Kf2
Rf3+ 48. Ke2 Rg3 49. Kf2 Be4 50. Rh2 Rf3+ 51. Ke2 Kh4 52. Kd2 Rg3 53. Ke2 Bf5
54. Kf2 Kg4 55. Ke2 Rf3 56. Rh1 Rxf4 57. exf4 Be4 58. f5 Bxh1 59. f6 Bf3+ 60.
Ke3 h2 61. f7 h1=Q 0-1

[Event "Online Olym Top DivC 2020"]
[Site "chess.com INT"]
[Date "2020.08.22"]
[Round "4.2"]
[Board "4"]
[White "Peptan, Corina-Isabela"]
[Black "Yildiz Kadioglu, Betul Cemre"]
[Result "1-0"]
[WhiteTitle "IM"]
[BlackTitle "WGM"]
[WhiteElo "2392"]
[BlackElo "2362"]
[WhiteTeam "Romania"]
[BlackTeam "Turkey"]
[WhiteFideId "1201930"]
[BlackFideId "6302920"]
[EventDate "2020.08.21"]
[EventType "team"]

1. d4 d5 2. Nf3 c5 3. e3 Nc6 4. Bb5 Bg4 5. h3 Bxf3 6. Qxf3 a6 7. Bxc6+ bxc6 8.
O-O e6 9. b3 cxd4 10. exd4 Nf6 11. Nc3 c5 12. dxc5 Bxc5 13. Bb2 O-O 14. Rad1 Qc7
15. Na4 Be7 16. c4 dxc4 17. Rc1 Rac8 18. Rxc4 Qa5 19. Rxc8 Rxc8 20. Qb7 Re8 21.
Rd1 Nd5 22. Qa7 h6 23. Qd4 Bf6 24. Qd2 Qxd2 25. Rxd2 Bxb2 26. Nxb2 Rc8 27. Nc4
Rc5 28. g3 Kf8 29. Kg2 Ke7 30. Kf3 h5 31. h4 Nf6 32. Ne3 Rc3 33. Rd4 Nd5 34. Ra4
Nxe3 35. fxe3 Rc6 36. Ra5 g6 37. a3 Kf6 38. Kf4 Rb6 39. b4 Rc6 40. e4 Rb6 41.
Rc5 Kg7 42. Rc7 Rb5 43. e5 Rb6 44. Ra7 Rc6 45. Ke4 Rb6 46. Rd7 a5 47. bxa5 Ra6
48. a4 Rxa5 49. Rd4 f6 50. exf6+ Kxf6 51. Rb4 Re5+ 52. Kf3 Ra5 53. Re4 e5 54. g4
hxg4+ 55. Kxg4 Ra8 56. Rb4 Ra6 57. Rc4 Rd6 58. a5 Ra6 59. Ra4 Ke6 60. Kf3 Kd5
61. Ke3 Kc5 62. Ke4 Kd6 63. Ra1 Ke6 64. Ra2 Kd6 65. Rd2+ Ke6 66. Rd5 Kf6 67. Rb5
Kg7 68. Kxe5 Kh6 69. Kd4 Rf6 70. Kc5 Rf5+ 71. Kb6 Rf4 72. a6 Rf6+ 73. Ka5 Rf7
74. Rc5 Re7 75. Kb6 Re6+ 76. Rc6 Re4 77. a7 Rb4+ 78. Ka5 Rb1 79. Rc4 1-0

[Event "Online Olym Top DivC 2020"]
[Site "chess.com INT"]
[Date "2020.08.22"]
[Round "4.2"]
[Board "5"]
[White "Ozen, Deniz"]
[Black "Deac, Bogdan-Daniel"]
[Result "1/2-1/2"]
[WhiteTitle "IM"]
[BlackTitle "GM"]
[WhiteElo "2412"]
[BlackElo "2625"]
[WhiteTeam "Turkey"]
[BlackTeam "Romania"]
[WhiteFideId "6349196"]
[BlackFideId "1226380"]
[EventDate "2020.08.21"]
[EventType "team"]

1. d4 d5 2. Nf3 Nf6 3. Bf4 c5 4. e3 Nc6 5. Nbd2 Nh5 6. Be5 f6 7. Bg3 cxd4 8.
exd4 g6 9. c4 Be6 10. Qb3 Qd7 11. Be2 Bh6 12. Rd1 Rc8 13. O-O Na5 14. Qb4 Nxc4
15. Nxc4 dxc4 16. d5 Bxd5 17. Rfe1 Nxg3 18. hxg3 e6 19. b3 Qe7 20. Qa4+ Bc6 21.
Qxc4 O-O 22. Qh4 Bxf3 23. Bxf3 Bg5 24. Qe4 Rc7 25. Qxe6+ Qxe6 26. Rxe6 f5 27.
Red6 Re8 28. Rd7 Re7 29. Rxe7 Bxe7 30. g4 f4 31. Bd5+ Kg7 32. Bc4 a6 33. a4 Kf6
34. Rd5 h6 35. Kf1 Rc5 36. Rxc5 Bxc5 37. Bd5 b5 38. axb5 axb5 39. Bc6 b4 40. Ke2
Ke5 41. Be8 g5 42. f3 Kd4 43. Bf7 Kc3 44. Bg8 Bg1 45. Bf7 1/2-1/2

[Event "Online Olym Top DivC 2020"]
[Site "chess.com INT"]
[Date "2020.08.22"]
[Round "4.2"]
[Board "6"]
[White "Lehaci, Miruna-Daria"]
[Black "Caglar, Sila"]
[Result "0-1"]
[WhiteTitle "WFM"]
[BlackTitle "WIM"]
[WhiteElo "2223"]
[BlackElo "2250"]
[WhiteTeam "Romania"]
[BlackTeam "Turkey"]
[WhiteFideId "1234765"]
[BlackFideId "6364063"]
[EventDate "2020.08.21"]
[EventType "team"]

1. e4 c5 2. Nf3 e6 3. d4 cxd4 4. Nxd4 Nc6 5. Nc3 Qc7 6. Be3 a6 7. Qf3 Nf6 8.
O-O-O Ne5 9. Qg3 b5 10. f4 Neg4 11. Bg1 h5 12. e5 b4 13. Na4 Nd5 14. Nb3 Bb7 15.
Nac5 Rc8 16. Bd3 a5 17. Nxb7 Qxb7 18. Nd4 a4 19. Nb5 b3 20. a3 bxc2 21. Rd2 g6
22. Bd4 Rc6 23. Nd6+ Bxd6 24. exd6 O-O 25. h3 Qb3 26. hxg4 Qa2 27. Rxc2 Qa1+ 28.
Kd2 Rxc2+ 29. Bxc2 Qxh1 30. f5 hxg4 31. fxg6 fxg6 32. Qxg4 Qh6+ 33. Ke1 Rf4 34.
Qg3 Rxd4 35. Bxg6 Qh1+ 36. Kf2 Rd2+ 37. Kf3 Qf1+ 38. Kg4 Nf6+ 39. Kg5 Rd5+ 40.
Kh6 Qc1+ 0-1

[Event "Online Olym Top DivC 2020"]
[Site "chess.com INT"]
[Date "2020.08.22"]
[Round "4.3"]
[Board "1"]
[White "Brkic, Ante"]
[Black "Aronian, Levon"]
[Result "1-0"]
[WhiteTitle "GM"]
[BlackTitle "GM"]
[WhiteElo "2594"]
[BlackElo "2773"]
[WhiteTeam "Croatia"]
[BlackTeam "Armenia"]
[WhiteFideId "14506688"]
[BlackFideId "13300474"]
[EventDate "2020.08.21"]
[EventType "team"]

1. e4 e5 2. Nf3 Nf6 3. Nxe5 d6 4. Nf3 Nxe4 5. d4 d5 6. Bd3 Bd6 7. O-O O-O 8. c4
c6 9. Nc3 Nxc3 10. bxc3 dxc4 11. Bxc4 Bf5 12. Re1 Nd7 13. Bd3 Bxd3 14. Qxd3 Re8
15. Bd2 Qf6 16. g3 Qg6 17. Qxg6 hxg6 18. c4 c5 19. d5 Nb6 20. Rac1 a6 21. Rb1
Nxc4 22. Rxb7 Reb8 23. Reb1 f6 24. Bc3 Rxb7 25. Rxb7 Bf8 26. Kg2 Nd6 27. Rd7 Rb8
28. Nh4 g5 29. Ng6 Ne4 30. Ba5 Bd6 31. Ne7+ Bxe7 32. Rxe7 f5 33. Bc7 Rb2 34. d6
Nxf2 35. d7 Ng4+ 36. Kg1 Rb1+ 37. Kg2 Rb2+ 38. Kf1 Nxh2+ 39. Ke1 Nf3+ 40. Kd1
Rd2+ 41. Kc1 f4 42. Re8+ Kf7 43. d8=Q Rxd8 44. Rxd8 Nd4 45. gxf4 gxf4 46. Kd1
Ne6 47. Rc8 g5 48. Bb6 Kf6 49. Bxc5 Kf5 50. Ke2 g4 51. Bg1 g3 52. Rc6 Ng5 53.
Rxa6 Nh3 54. Ba7 Kg4 55. Rg6+ Kf5 56. Rg8 Ng5 57. Bg1 f3+ 58. Ke3 f2 59. Bxf2
gxf2 60. Kxf2 Ne4+ 61. Ke3 Nc3 62. a3 Ke5 63. Kd3 Na4 64. Kc4 Kd6 65. Rg6+ Kc7
66. Kb4 Nb6 67. a4 Kb7 68. Kb5 Nd5 69. Rg7+ Kb8 70. a5 Nc7+ 71. Kc6 Ne6 72. Re7
Nf4 73. a6 Ka8 74. Rd7 1-0

[Event "Online Olym Top DivC 2020"]
[Site "chess.com INT"]
[Date "2020.08.22"]
[Round "4.3"]
[Board "2"]
[White "Melkumyan, Hrant"]
[Black "Jankovic, Alojzije"]
[Result "1/2-1/2"]
[WhiteTitle "GM"]
[BlackTitle "GM"]
[WhiteElo "2663"]
[BlackElo "2537"]
[WhiteTeam "Armenia"]
[BlackTeam "Croatia"]
[WhiteFideId "13302485"]
[BlackFideId "14505959"]
[EventDate "2020.08.21"]
[EventType "team"]

1. d4 Nf6 2. c4 d6 3. Nc3 e5 4. g3 exd4 5. Qxd4 Nc6 6. Qe3+ Be7 7. Bg2 Bf5 8.
Nf3 O-O 9. O-O Re8 10. Qf4 Qd7 11. b3 Bf8 12. Bb2 a5 13. Rfd1 Bh3 14. e3 Bxg2
15. Kxg2 a4 16. Rab1 axb3 17. axb3 Ra5 18. Nd5 Nxd5 19. cxd5 Ne7 20. e4 Rb5 21.
Nd4 Rb6 22. Qf3 Ng6 23. Nf5 Ne5 24. Bxe5 Rxe5 25. Rbc1 g6 26. Ne3 Rxb3 27. Rb1
Qb5 28. Rxb3 Qxb3 29. Rc1 Re7 30. Nc4 Qa2 31. Qd3 Bh6 32. Rc3 b5 33. Ne3 Bxe3
34. Qxe3 b4 35. Rd3 Qc2 36. Rd4 b3 37. Rb4 b2 38. Rb8+ Kg7 39. Qd4+ Re5 40. Rxb2
Qxe4+ 41. Qxe4 Rxe4 42. Rc2 Rd4 43. Rxc7 Rxd5 44. h4 Kf6 45. Kf3 Rd3+ 46. Ke4
Ra3 47. Rc8 Ra2 48. Ke3 h5 49. Re8 Kf5 50. Re7 f6 51. Re8 Ra3+ 52. Ke2 d5 53.
Rd8 Ra5 54. Kf3 Rb5 55. Ke3 g5 56. hxg5 fxg5 57. f3 Rb3+ 58. Kf2 Ke5 59. Rh8
Rb2+ 60. Kg1 h4 61. gxh4 gxh4 62. Rxh4 d4 63. Kf1 Kd5 64. f4 Ke4 65. f5+ Kf3 66.
Rh3+ Kg4 67. Rd3 Kxf5 68. Rxd4 1/2-1/2

[Event "Online Olym Top DivC 2020"]
[Site "chess.com INT"]
[Date "2020.08.22"]
[Round "4.3"]
[Board "3"]
[White "Franciskovic, Borka"]
[Black "Danielian, Elina"]
[Result "0-1"]
[WhiteTitle "WIM"]
[BlackTitle "GM"]
[WhiteElo "2250"]
[BlackElo "2407"]
[WhiteTeam "Croatia"]
[BlackTeam "Armenia"]
[WhiteFideId "14507943"]
[BlackFideId "13300210"]
[EventDate "2020.08.21"]
[EventType "team"]

1. Nf3 d5 2. g3 c6 3. Bg2 Bf5 4. O-O e6 5. d3 Nf6 6. c4 Nbd7 7. cxd5 cxd5 8. Nc3
Be7 9. e4 dxe4 10. dxe4 Nxe4 11. Nd4 Nxc3 12. bxc3 Nc5 13. Nxf5 exf5 14. Be3 O-O
15. Bxc5 Bxc5 16. Bxb7 Rb8 17. Qf3 g6 18. Rab1 Qd2 19. a4 Qa2 20. Ra1 Qc2 21. a5
Rfd8 22. Rac1 Qd3 23. Qxd3 Rxd3 24. a6 Rd2 25. c4 Re8 26. Bf3 Red8 27. Bd5 Rd6
28. Ra1 Rb6 29. Rad1 Bxf2+ 30. Kg2 Rxd1 31. Rxd1 Bc5 32. Ra1 Rb2+ 33. Kh3 Kg7
34. Re1 h5 35. Rf1 Kf6 36. Bf3 Rc2 37. Rd1 g5 38. Bxh5 g4+ 39. Bxg4 fxg4+ 40.
Kxg4 Rxc4+ 41. Kf3 Ra4 42. Rd5 Bb6 43. g4 Ra3+ 44. Ke4 Ra4+ 45. Kf3 Rxa6 46. h4
Ra1 47. Rd6+ Kg7 48. g5 Rh1 49. Kg4 Rg1+ 50. Kf5 Rf1+ 51. Kg4 Be3 52. Rd3 Re1
53. Kf3 Bb6 54. h5 Rg1 55. Kf4 Bc7+ 56. Kf5 Rf1+ 57. Kg4 Rf4+ 58. Kh3 Rc4 59.
Rd7 Kg8 60. Re7 a5 61. Re8+ Kg7 62. Re7 Bd8 63. Ra7 Bb6 64. Rb7 Be3 65. g6 Rf4
66. Kg3 Rf6 67. Re7 Bd2 68. Rd7 Bc1 69. Rc7 Bf4+ 0-1

[Event "Online Olym Top DivC 2020"]
[Site "chess.com INT"]
[Date "2020.08.22"]
[Round "4.3"]
[Board "4"]
[White "Mkrtchian, Lilit"]
[Black "Ivekovic, Tihana"]
[Result "1-0"]
[WhiteTitle "IM"]
[BlackTitle "WFM"]
[WhiteElo "2388"]
[BlackElo "2127"]
[WhiteTeam "Armenia"]
[BlackTeam "Croatia"]
[WhiteFideId "13300601"]
[BlackFideId "14517825"]
[EventDate "2020.08.21"]
[EventType "team"]

1. Nf3 d5 2. e3 Nf6 3. c4 e6 4. Nc3 Be7 5. b3 O-O 6. Bb2 b6 7. cxd5 exd5 8. d4
Bb7 9. Bd3 Nbd7 10. O-O Ne4 11. Rc1 c5 12. Qe2 Ndf6 13. Ba6 Bxa6 14. Qxa6 Qc8
15. Qxc8 Raxc8 16. dxc5 bxc5 17. Rfd1 Rfd8 18. h3 Rd7 19. Ne2 Bd6 20. Kf1 Rdd8
21. Nd2 Bb8 22. Nxe4 Nxe4 23. Rd3 c4 24. bxc4 dxc4 25. Rxd8+ Rxd8 26. Bd4 f6 27.
f3 Nd6 28. e4 Rc8 29. Nc3 a6 30. Ke2 Kf7 31. Rb1 Bc7 32. a4 Ba5 33. Kd1 Ke6 34.
Kc2 g6 35. Bb6 Bxc3 36. Kxc3 f5 37. exf5+ Nxf5 38. Bf2 Rc6 39. Rb6 Rxb6 40. Bxb6
Kd5 41. Bf2 Nd6 42. Kb4 Nb7 43. h4 Nd8 44. Ka5 c3 45. Kxa6 c2 46. Be3 Kc6 47.
Ka5 Ne6 48. Kb4 Nc5 49. Kc3 Nxa4+ 50. Kxc2 Kd5 51. Kb3 Nc5+ 52. Bxc5 Kxc5 53.
Kc3 Kd5 54. Kd3 Ke5 55. Ke3 h5 56. g3 Kf5 57. Kd4 Kf6 58. Kd5 Kf5 59. Kd6 g5 60.
hxg5 Kxg5 61. Ke5 1-0

[Event "Online Olym Top DivC 2020"]
[Site "chess.com INT"]
[Date "2020.08.22"]
[Round "4.3"]
[Board "5"]
[White "Livaic, Leon"]
[Black "Martirosyan, Haik M."]
[Result "0-1"]
[WhiteTitle "IM"]
[BlackTitle "GM"]
[WhiteElo "2507"]
[BlackElo "2622"]
[WhiteTeam "Croatia"]
[BlackTeam "Armenia"]
[WhiteFideId "14531534"]
[BlackFideId "13306553"]
[EventDate "2020.08.21"]
[EventType "team"]

1. d4 Nf6 2. c4 e6 3. Nf3 d5 4. Nc3 c6 5. Bg5 h6 6. Bxf6 Qxf6 7. Qc2 Nd7 8. e4
Bb4 9. e5 Qe7 10. a3 Ba5 11. cxd5 exd5 12. Bd3 Nf8 13. O-O Ne6 14. Ne2 O-O 15.
Rad1 Bb6 16. Qd2 c5 17. Ng3 Nxd4 18. Nxd4 cxd4 19. f4 f5 20. Kh1 Be6 21. Bb1
Rac8 22. Ne2 Rc4 23. Ba2 Rd8 24. Rf3 Qc5 25. Bb3 Bf7 26. Rh3 a5 27. Qd3 Be6 28.
Ba2 a4 29. Bb1 Qb5 30. g4 Rf8 31. Ng3 Qxb2 32. gxf5 Rc3 33. Qf1 Bd7 34. Bd3 Qb3
35. e6 Be8 36. Ne2 Rxd3 37. Rdxd3 Qc4 38. Ng3 Bb5 39. Rd1 Qb3 40. Qg1 Qf3+ 0-1